<?xml version="1.0" encoding="UTF-8"?>
<record
    xmlns:xsi="http://www.w3.org/2001/XMLSchema-instance"
    xsi:schemaLocation="http://www.loc.gov/MARC21/slim http://www.loc.gov/standards/marcxml/schema/MARC21slim.xsd"
    xmlns="http://www.loc.gov/MARC21/slim">

  <leader>00718nam a22002177a 4500</leader>
  <controlfield tag="003">UA-OsUOA</controlfield>
  <controlfield tag="001"> 63586 </controlfield>
  <controlfield tag="007">ta</controlfield>
  <controlfield tag="008">20091009b un ||||| |||| 00| 0 ukr d</controlfield>
  <datafield tag="100" ind1=" " ind2=" ">
    <subfield code="a">&#x41B;&#x438;&#x441;&#x435;&#x43D;&#x43A;&#x43E;-&#x404;&#x440;&#x436;&#x438;&#x43A;&#x456;&#x432;&#x441;&#x44C;&#x43A;&#x430; &#x41D;.</subfield>
  </datafield>
  <datafield tag="090" ind1=" " ind2=" ">
    <subfield code="a">82</subfield>
    <subfield code="b">&#x41B;63</subfield>
  </datafield>
  <datafield tag="942" ind1=" " ind2=" ">
    <subfield code="c">SA</subfield>
  </datafield>
  <datafield tag="040" ind1=" " ind2=" ">
    <subfield code="a">UA-OsUOA</subfield>
    <subfield code="b">ukr</subfield>
    <subfield code="c">UA-OsUOA</subfield>
    <subfield code="d">UA-OsUOA</subfield>
  </datafield>
  <datafield tag="245" ind1=" " ind2=" ">
    <subfield code="a">&#x422;&#x435;&#x43C;&#x430;&#x442;&#x438;&#x447;&#x43D;&#x43E;-&#x43C;&#x43E;&#x442;&#x438;&#x432;&#x430;&#x446;&#x456;&#x439;&#x43D;&#x430; &#x43F;&#x440;&#x43E;&#x431;&#x43B;&#x435;&#x43C;&#x430;&#x442;&#x438;&#x43A;&#x430; "&#x43E;&#x434;&#x435;&#x441;&#x44C;&#x43A;&#x43E;&#x457;" &#x456;&#x43D;&#x442;&#x438;&#x43C;&#x43D;&#x43E;&#x457; &#x43B;&#x456;&#x440;&#x438;&#x43A;&#x438; &#x410;&#x434;&#x430;&#x43C;&#x430; &#x41C;&#x456;&#x446;&#x43A;&#x435;&#x432;&#x438;&#x447;&#x430; &#x442;&#x430; &#x457;&#x457; &#x443;&#x43A;&#x440;&#x430;&#x457;&#x43D;&#x441;&#x44C;&#x43A;&#x435; &#x432;&#x456;&#x434;&#x43B;&#x443;&#x43D;&#x43D;&#x44F;</subfield>
  </datafield>
  <datafield tag="300" ind1=" " ind2=" ">
    <subfield code="a">&#x421;.85-96</subfield>
  </datafield>
  <datafield tag="955" ind1=" " ind2=" ">
    <subfield code="a">0</subfield>
  </datafield>
  <datafield tag="041" ind1=" " ind2=" ">
    <subfield code="a">ukr</subfield>
  </datafield>
  <datafield tag="080" ind1=" " ind2=" ">
    <subfield code="a">82</subfield>
  </datafield>
  <datafield tag="773" ind1="0" ind2=" ">
    <subfield code="w">63584</subfield>
  </datafield>
  <datafield tag="650" ind1=" " ind2="7">
    <subfield code="a">82 &#x41B;&#x456;&#x442;&#x435;&#x440;&#x430;&#x442;&#x443;&#x440;&#x430;. &#x41B;&#x456;&#x442;&#x435;&#x440;&#x430;&#x442;&#x443;&#x440;&#x43E;&#x437;&#x43D;&#x430;&#x432;&#x441;&#x442;&#x432;&#x43E;</subfield>
    <subfield code="2">UDC</subfield>
  </datafield>
  <datafield tag="999" ind1=" " ind2=" ">
    <subfield code="c">349928</subfield>
    <subfield code="d">349928</subfield>
  </datafield>
</record>
